00532nam a2200157Ia 4500008004100000020001500041082001600056100002600072245001200098260007500110300001900185490001300204942004700217952009500264999001500359250529s9999 xx 000 0 und d a9991571094 a891.4894MAU aMaumoon Abdul Qayyoom 0aFahubas aMale'bDhivehibahaai Thaareekhah Khidhumaiykuraa Qaumee Marukazuc1989 a72 p. ; 20 cm. vMalas-23 h891.4894iMAUcAD6891_489400000000000_MAU 93851aKFPLbKFPLcDHId2025-05-29l0o891.4894MAUpKL-2024-001251r2025-05-29 12:20:01yAD c3548d3548